| 000 | 00807nam a2200265Ia 4500 | ||
|---|---|---|---|
| 003 | GCL | ||
| 008 | 140319s9999 xx 000 0 ara d | ||
| 040 |
_aGCL / _cGCL |
||
| 082 | 0 | 4 |
_a810.9 _bا ف |
| 100 | 1 | _aانيس المقدسى | |
| 245 | 1 | 0 |
_aالفنون الادبية : فى النهضة العربية الحديثة / _cانيس المقدسى |
| 260 |
_a[S.N] : _bدار العلم للملايين ، _c1984 |
||
| 300 | _a661 ص | ||
| 490 | _a | ||
| 650 | 0 | 4 | _aالادب العربى |
| 650 | 0 | 4 | _aالعصر الحديث |
| 650 | 0 | 4 | _aالنثر العربى |
| 650 | 0 | 4 | _aالخطابة |
| 650 | 0 | 4 | _aاللغة العربية |
| 650 | 0 | 4 | _aاعلام العرب |
| 650 | 0 | 4 | _aالادباء |
| 650 | 0 | 4 | _aالتنوير |
| 650 | 0 | 4 | _aتاريخ ونقد |
| 942 |
_2ddc _cBK |
||
| 999 |
_c37337 _d37337 |
||